000 00741nam a2200253Ia 4500
003 OSt
005 20220925231827.0
006 a|||||r|||| 00| 0
007 ta
008 220923b |||||||| |||| 00| 0 eng d
020 _a020112775X
037 _cGeneral Book
040 _aRTL
_cRTL
_beng
041 _2eng
_aeng
082 _aX:15.73.N8, M3
100 _aHodgetts Richard M
245 0 _aPersonal financial management
_b A strategic planning approach
260 _aMassachusetts
_bAddison Wisley
_c1983
300 _axiii,623p.
_ccm.
500 _aBibliography chapterwise
650 _aConsumption Economics
942 _hX:15.73.N8, M3
_cGB
_2CC
999 _c589549
_d589549